Trouve la ville par rapport aux personnalités - Statistiques

Statistiques générales
  • Ce quiz a été pris 96 fois
  • Le résultat moyen est 16 sur 25
Statistiques - réponses
Hint Réponse % Correct
Jul, Zinédine Zidane, Fernandel Marseille
100%
Richelieu, Barbara, Voltaire Paris
94%
Claude Nougaro, Bigflo et Oli, Carole Delga Toulouse
92%
Antoine de Saint-Exupéry, l'abbé Pierre, Stéphane Bern Lyon
87%
Charles de Gaulle, Raphaël Varane, Iris Mittenaere Lille
86%
Alex Lutz, Pio Marmaï, M. Pokora Strasbourg
85%
Jenifer, Dick Rivers, Cyprien Nice
83%
François Mauriac, Serge Lama, Arnaud Tsamere Bordeaux
81%
Alizée, Napoléon Bonaparte, Tino Rossi Ajaccio
77%
Ahmed Sylla, Christine and the queens, Jules Verne Nantes
76%
Mister V, Stendhal, Michel Fugain Grenoble
74%
Juliette Gréco, Rémi Gaillard, Paul Mirabel Montpellier
74%
Samuel Étienne, Catherine Ceylac, Clarisse Agbégnénou Rennes
71%
Jean-Pierre Pernaut, Emmanuel Macron, Disiz Amiens
65%
Gustave Eiffel, Jean-Philippe Rameau, Denis Brogniart Dijon
58%
François Hollande, Élise Lucet, Karin Viard Rouen
58%
Alain Duhamel, Léa Drucker, Amandine Petit Caen
57%
Kyan Khojandi, Maurice Couve de Murville, Patrick Poivre d'Arvor Reims
52%
François Fillon, Jo-Wilfried Tsonga, Vincent Cerutti Le Mans
48%
Robert Le Pieux, Vegedream, Laure Calamy Orléans
48%
Djimo, Sadi Carnot, Laëtitia Milot Limoges
38%
Vianney, Tony Estanguet, Édouard Cissé Pau
33%
Yvonne de Gaulle, François Ruffin, Camille Cerf Calais
32%
Olivier Giroud, Yann Barthès, Léa Elui Chambéry
32%
Paul Sabatier, Olivia Ruiz, Dominique Faure Carcassonne
24%
Aucun quiz correspondant
Distribution des résultats
% des personnes avec chaque résultat
Percentile par nombre de réponses
Votre historique - résultats
Vous n’avez pas pris ce quiz